banner-ar

دلائل الخيرات وشوارق الانوار فى الصلاة على النبى المختار / (Record no. 54942)

MARC details
000 -الفاتح
حقل البيانات ثابتة الطول 00526nam a2200169Ia 4500
005 - وقت وتاريخ اخر تعامل مع التسجيلة
رقم الضبط 20240530105326.0
008 - عناصر البيانات ثابتة الطول - معلومات عامة
حقل البيانات ثابتة الطول 140319s1991 ua 000 0 ara d
020 ## - الرقم الدولى المعيارى للكتب
الرقم الدولى المعيارى للكتاب 977506600x
040 ## - مصدر الفهرسة
وكالة الفهرسة الأصلية GCL /
وكالة النسخ GCL
082 04 - رقم تصنيف ديوى العشرى
رقم التصنيف 252.29/
رقم المادة د د
245 10 - بيان العنوان
العنوان دلائل الخيرات وشوارق الانوار فى الصلاة على النبى المختار /
260 ## - PUBLICATION, DISTRIBUTION, ETC. (IMPRINT)
تاريخ النشر أو التوزيع 1994.
300 ## - الوصف المادى
التعداد 96 ص ؛
أبعاد الوعاء 19 سم.
650 07 - المدخل الاضافى بالموضوع-مصطلح موضوعى
مصطلح موضوعي الادعية
942 ## - عناصر المدخل الإضافي( كوها)
مصدر التصنيف او مخطط الترفيف Dewey Decimal Classification
Koha [default] item type كتاب
260 ## - PUBLICATION, DISTRIBUTION, ETC. (IMPRINT)
-- القاهرة :
-- دار الغد العربى ؛
Holdings
حالة التراجع حالة الفقد مصدر التصنيف او خطة الترفيف حالة تلف ليس للاعارة المكان المؤقت الموقع الحالى تاريخ الاكتساب اجمالي اﻻعارات رقم الطلب الباركود تاريخ اخر مشاهدة تاريخ تفعيل السعر نوع وعاء كوها موقع الترفيف
    ddc     مكتبة القاهرة الكبرى مكتبة القاهرة الكبرى 03/26/2014   252.29/د د 132061 03/26/2014 03/26/2014 كتاب  
    ddc     مكتبة القاهرة الكبرى مكتبة القاهرة الكبرى 08/07/2019   252.29/د د 166364 08/07/2019 08/07/2019 كتاب القاعة الرئيسية

Powered By

EGPV